000
00325nam a2200157Ia 4500
100
_a
Short/Kenneth L
650
_a
VHDL
942
_c
BK
366
_f
25
245
_a
VHDL for engineers
260
_b
Pearson Education
_c
2009
082
_a
621.392
_b
SHO
300
_a
685
546
_a
ENGLISH
_c
PAMPHALETS
999
_c
26801
_d
26801